Immobilized Biosystems : Theory and Practical Applications /
Guardado en:
| Autores principales: | , |
|---|---|
| Formato: | Libro |
| Lenguaje: | inglés |
| Publicado: |
London :
Blackie Academic and Professional,
1994
|
| Etiquetas: |
Sin Etiquetas, Sea el primero en etiquetar este registro!
|
MARC
| LEADER | 00000nam a22000003a 4500 | ||
|---|---|---|---|
| 001 | stu22961 | ||
| 005 | 20150617225747.2 | ||
| 008 | 941208s1994----uk------------------eng-d | ||
| 020 | |a 0-8514-0175-7 | ||
| 040 | |a STU |b slo | ||
| 041 | 0 | |a eng | |
| 044 | |a uk | ||
| 080 | |a 577.15.02 | ||
| 100 | 1 | |a Veliky, Ivan A |4 aut | |
| 245 | 1 | |a Immobilized Biosystems : |b Theory and Practical Applications / |c [aut.]Veliky,Ivan A., McLeane,Robert J.C | |
| 260 | |a London : |b Blackie Academic and Professional, |c 1994 | ||
| 300 | |a 342 s : |b Obr.,tab.,grafy,lit.,index | ||
| 700 | 1 | |a McLeane, Robert J.C |4 aut | |
| 996 | |b C93362 |c C*93362 |l CCXVIII |s P |a 0 |w stu22961_0001 | ||